000 00769pam a2200265 i 4500
999 _c6627
_d6627
001 8
003 GBCCL
005 20241126110607.0
008 770401s1977 paua 00010aeng
010 _a 77005858
020 _a0836118189 :
_c$5.95
035 _aOCM02912299 811107
040 _aDLC
_cDLC
_dLBB
049 _aLBBK
050 0 _aBR1725.R37
_bA34
082 _a248.2092
_bREA
092 _a248.20924 R284
100 1 _aRead, Maureen Hay
_d1937-
_911850
245 1 0 _aLike a watered garden /
_cMaureen Hay Read ; introduction by Sherwood E. Wirt.
260 _aScottdale, Pa. :
_bHerald Press,
_c1977.
300 _a156 p.;
_bill., port.,
_c20 cm.
650 0 _aRead, Maureen Hay
_y1937 -
_911851
650 0 _aChristian biography
_91119
942 _2ddc
_cBK